000 00563 a2200205 4500
005 20260203153726.0
008 260128b |||||||| |||| 00| 0 eng d
020 _a9783111127408
_c€ 79.95
040 _aMAIN
082 _a615.954
_bT297N
100 _aTeuscher, Eberhard
245 _aNatural poisons and venoms, V3-Plant toxins: Alkaloids and lectins
260 _bDe Gruyter
_c2025
_aBerlin
300 _axvi, 446
650 _aPharmacology
650 _aToxicology
650 _aPlant Poisons
700 _aLindequist, Uleike
942 _cBK
999 _c394447
_d394447